Evaluation of planning delivery grant 2005-06 (Record no. 105884)
[ view plain ]
| 000 -LEADER | |
|---|---|
| fixed length control field | 01061cam a2200217 4500 |
| 001 - CONTROL NUMBER | |
| control field | ##L134997 |
| 008 - FIXED-LENGTH DATA ELEMENTS--GENERAL INFORMATION | |
| fixed length control field | 060918n2006 000 0 eng u |
| 035 ## - SYSTEM CONTROL NUMBER | |
| System control number | (Sirsi) u134997 |
| 041 0# - LANGUAGE CODE | |
| Language code of text/sound track or separate title | eng |
| 050 04 - LIBRARY OF CONGRESS CALL NUMBER | |
| Classification number | 711.4 $2 18 |
| 110 1# - MAIN ENTRY--CORPORATE NAME | |
| Corporate name or jurisdiction name as entry element | United Kingdom |
| Subordinate unit | Department for Communities and Local Government |
| 9 (RLIN) | 4939 |
| 245 00 - TITLE STATEMENT | |
| Title | Evaluation of planning delivery grant 2005-06 |
| 260 ## - PUBLICATION, DISTRIBUTION, ETC. | |
| Place of publication, distribution, etc. | London |
| Name of publisher, distributor, etc. | DCLG |
| Date of publication, distribution, etc. | 2006 |
| 520 ## - SUMMARY, ETC. | |
| Summary, etc. | Examines the success of Planning Delivery Grant (PDG) in improving the performance of local planning authorities. Concludes that PDGs have played an important role is helping local planning authorities to survive a time of rapid change in the planning system, and that they have helped compensate for lack of local authority funding of the planning system. |
| 590 ## - LOCAL NOTE (RLIN) | |
| Local note | IKA190906 |
| 650 24 - SUBJECT ADDED ENTRY--TOPICAL TERM | |
| Topical term or geographic name entry element | DCLG PLANNING DELIVERY GRANT |
| 651 #4 - SUBJECT ADDED ENTRY--GEOGRAPHIC NAME | |
| Geographic name | England |
| Chronological subdivision | 886- |
| 690 ## - LOCAL SUBJECT ADDED ENTRY--TOPICAL TERM (OCLC, RLIN) | |
| Topical term or geographic name as entry element | Planning and development |
| 9 (RLIN) | 6259 |
| 856 40 - ELECTRONIC LOCATION AND ACCESS | |
| Uniform Resource Identifier | <a href="https://www.communities.gov.uk/index.asp?id=1502891">https://www.communities.gov.uk/index.asp?id=1502891</a> |
| Public note | View the item free of charge at www.communities.gov.uk... |
| 942 ## - ADDED ENTRY ELEMENTS (KOHA) | |
| Suppress in OPAC | 0 |
| Withdrawn status | Lost status | Source of classification or shelving scheme | Damaged status | Not for loan | Home library | Current library | Shelving location | Date acquired | Total Checkouts | Full call number | Barcode | Date last seen | Copy number | Price effective from | Koha item type |
|---|---|---|---|---|---|---|---|---|---|---|---|---|---|---|---|
| Dewey Decimal Classification | Virtual | Virtual | Online | 18/09/2006 | ONLINE PUBLICATION | 134997-1001 | 06/08/2019 | 1 | 06/08/2019 | Book |